000 00456nam a22001817a 4500
005 20250619151928.0
008 250507b |||||||| |||| 00| 0 eng d
020 _a9781526635273
040 _cSDCL
041 _aeng
084 _aO-,3MAA R4 LR
100 _aMaas, Sarah J.
245 _aKingdom of Ash
260 _aLondon :
_bBloomsbury Publishing,
_c2023.
300 _a984p
490 _aCourt of Thorns and Roses series
942 _2CC
_cGB
999 _c1320371
_d1320371